|
|
|
|
| LEADER |
01910nam a2200493 a 4500 |
| 001 |
nkc20142636746 |
| 003 |
CZ PrNK |
| 005 |
20150901094134.0 |
| 007 |
ta |
| 008 |
141104s2014 xr a e 001 0 cze |
| 015 |
|
|
|a cnb002636746
|
| 020 |
|
|
|a 978-80-246-2570-6
|q (brož.)
|
| 035 |
|
|
|a (OCoLC)904579010
|
| 040 |
|
|
|a ABA001
|b cze
|d OLA001
|
| 041 |
1 |
|
|a cze
|h fre
|
| 072 |
|
7 |
|a 81
|x Lingvistika. Jazyky
|2 Konspekt
|9 11
|
| 080 |
|
|
|a 81'27
|2 MRF
|
| 080 |
|
|
|a 801.73
|2 MRF
|
| 080 |
|
|
|a (048.8)
|2 MRF
|
| 100 |
1 |
|
|a Bourdieu, Pierre,
|d 1930-2002
|7 jn20010602372
|4 aut
|
| 245 |
1 |
0 |
|a Co se chce říct mluvením :
|b ekonomie jazykové směny /
|c Pierre Bourdieu ; [z francouzského originálu ... přeložil, doslovem, glosářem a rejstříky opatřil Martin Pokorný]
|
| 246 |
3 |
0 |
|a Ekonomie jazykové směny
|
| 250 |
|
|
|a 1. české vyd.
|
| 260 |
|
|
|a Praha :
|b Karolinum,
|c 2014
|
| 300 |
|
|
|a 168 s. :
|b il. ;
|c 24 cm
|
| 490 |
1 |
|
|a Lingvistika
|
| 500 |
|
|
|a "Kapitolu "Cenzura a užití formy", převzatou z publikace "Nebezpečná literatura? Antologie z myšlení o literární cenzuře" (Brno, Host 2013) přeložila Eva Sládková"--Tiráž
|
| 500 |
|
|
|a Terminologický slovník
|
| 504 |
|
|
|a Obsahuje bibliografické odkazy a rejstříky
|
| 550 |
|
|
|a Vydavatel: Univerzita Karlova v Praze
|
| 650 |
0 |
7 |
|a sociolingvistika
|7 ph125749
|2 czenas
|
| 650 |
0 |
7 |
|a diskurzivní analýza
|7 ph503054
|2 czenas
|
| 650 |
0 |
9 |
|a sociolinguistics
|2 eczenas
|
| 650 |
0 |
9 |
|a discourse analysis
|2 eczenas
|
| 655 |
|
7 |
|a studie
|7 fd133597
|2 czenas
|
| 655 |
|
9 |
|a studies
|2 eczenas
|
| 710 |
2 |
|
|a Univerzita Karlova
|7 kn20010710036
|
| 765 |
0 |
|
|t Ce que parler veut dire
|9 Česky
|
| 830 |
|
0 |
|a Lingvistika (Karolinum)
|0 s
|
| 910 |
2 |
|
|a BOA001
|b 2-1336.949
|
| 990 |
|
|
|a BK
|
| 995 |
|
|
|a 01
|
| 991 |
|
|
|b 201502
|c NOV
|e n
|
| 996 |
6 |
|
|b 2610619530
|c 2-1336.949
|l MZK
|r Sklad / do 1 hodiny
|n 13
|p p.v.
|w 001485739
|u 000010
|a 1
|e BOA001
|j MZK50
|s P
|